Η οργάνωση της γνώσης στους σύγχρονους πολιτιστικούς οργανισμούς : διπλωματική εργασία

Αποθηκεύτηκε σε:
Λεπτομέρειες βιβλιογραφικής εγγραφής
Κύριος συγγραφέας: Στουρνάρας, Ευάγγελος
Συγγραφή απο Οργανισμό/Αρχή: Πανεπιστήμιο Αιγαίου. Σχολή Κοινωνικών Επιστημών. Τμήμα Πολιτισμικής Τεχνολογίας και Επικοινωνίας. Πρόγραμμα Μεταπτυχιακών Σπουδών Πολιτισμική Πληροφορική και Επικοινωνία
Άλλοι συγγραφείς: Μπούνια, Αλεξάνδρα (dgsf)
Μορφή: Thesis Βιβλίο
Γλώσσα:Greek
Δημοσίευση: 2008.
Θέματα:
Διαθέσιμο Online:http://hdl.handle.net/11610/16390
Ετικέτες: Προσθήκη ετικέτας
Δεν υπάρχουν, Καταχωρήστε ετικέτα πρώτοι!

MARC

LEADER 00000cam a2200000 i 4500
001 1/1565
008 090916s2008 gr | ||| |||| ||gre||
035 |l 10105643 
040 |a GR-MyUa  |b gre  |e AACR2 
041 0 |a gre 
082 7 |a 025.1   |2 (22) 
100 1 |a Στουρνάρας, Ευάγγελος. 
245 1 2 |a Η οργάνωση της γνώσης στους σύγχρονους πολιτιστικούς οργανισμούς :   |b διπλωματική εργασία /   |c Στουρνάρας Ευάγγελος ; επίβλεψη: Μπούνια Αλεξάνδρα. 
260 |c 2008. 
300 |a 71 σ. ;   |c 30 εκ. 
502 |a Διατριβή (μεταπτυχιακή) – Πανεπιστήμιο Αιγαίου, Λέσβος, 2008. 
504 |a Βιβλιογραφία: σ. 63-71. 
650 0 0 |a Information science. 
650 0 0 |a Information resources management. 
650 0 0 |a Information services  |x Management. 
650 0 0 |a Database management. 
650 0 0 |a Dissertations, Academic  |z Greece. 
700 1 |a Μπούνια, Αλεξάνδρα,  |e dgsf 
710 2 |a Πανεπιστήμιο Αιγαίου.   |b Σχολή Κοινωνικών Επιστημών.   |b Τμήμα Πολιτισμικής Τεχνολογίας και Επικοινωνίας.   |b Πρόγραμμα Μεταπτυχιακών Σπουδών Πολιτισμική Πληροφορική και Επικοινωνία. 
852 |a INST  |b LESVOS  |c DIATR  |e 20090916  |h 215  |p 005100046528  |q 005100046528  |t MTXE  |y 23 
852 |a INST  |b LESVOS  |c DIATR  |e 20090916  |h 216  |p 005100046527  |q 005100046527  |t MTXE  |y 23 
856 |u http://hdl.handle.net/11610/16390 
901 |a BIBL1-2009-3 
924 |a Στουρνάρας  |b Ευάγγελος  |y Λέσβος  |z 2008-05 
970 |a ΤΖΑΦΕΡΗ  |b ΕΥΑΓΓΕΛΙΑ  |z 2009/09/16